000
00260nam a2200109Ia 4500
008
231212s1977 xx 000 0 und d
041
_a
eng
082
_a
621.384131
100
_a
Vartanov A.
245
_a
Electric Maintanance
260
_a
Mascow
_b
Mir Pub
_c
1977
999
_c
958465
_d
958465